[Event "AUTO-INT-348"]
[Site "http://www.queenalice.com/game.php?id=169463"]
[Date "2007.2.16"]
[Round "1"]
[White "alfreale"]
[Black "Mengo"]
[Result "0-1"]
[WhiteElo "1311"]
[BlackElo "1627"]

1. e4 e5 2. Nf3 Nc6 3. d4 exd4 4. Nxd4 Bb4+ 5. Bd2 Bxd2+ 6. Qxd2 Nge7 7. Nc3 O-O
8. O-O-O d6 9. Nxc6 Nxc6 10. Bb5 Bd7 0-1

[Event "AUTO-INT-348"]
[Site "http://www.queenalice.com/game.php?id=169464"]
[Date "2007.2.16"]
[Round "1"]
[White "Mengo"]
[Black "EduardoGP"]
[Result "1-0"]
[WhiteElo "1650"]
[BlackElo "1499"]

1. d4 Nf6 2. Nc3 g6 3. h3 Bg7 4. Bf4 d6 5. e3 O-O 6. Bd3 d5 7. Nf3 Nc6 8. O-O
Ne8 9. a3 a5 10. Nb5 e6 11. Nc3 f5 12. Bb5 Bd7 13. Bxc6 Bxc6 14. Ne5 g5 15. Bh2
Nd6 16. b3 1-0

[Event "AUTO-INT-348"]
[Site "http://www.queenalice.com/game.php?id=169465"]
[Date "2007.2.16"]
[Round "1"]
[White "EduardoGP"]
[Black "Mengo"]
[Result "0-1"]
[WhiteElo "1510"]
[BlackElo "1639"]

1. c4 e6 2. e4 Bc5 3. Nc3 Ne7 4. Nf3 O-O 5. d4 Bb4 6. a3 Bxc3+ 7. bxc3 b6 8. Bd3
d6 9. O-O c5 10. d5 e5 11. Ne1 Ng6 12. h3 Qf6 13. g4 Nf4 14. Bxf4 Qxf4 15. Rb1
h5 0-1

[Event "AUTO-INT-348"]
[Site "http://www.queenalice.com/game.php?id=169466"]
[Date "2007.2.16"]
[Round "1"]
[White "Mengo"]
[Black "J_Ricardo"]
[Result "0-1"]
[WhiteElo "1530"]
[BlackElo "1521"]

1. d4 d5 2. Bf4 e6 3. a3 Nc6 4. Nc3 a6 5. e3 Bd7 6. Nf3 Be7 7. Bd3 Nf6 8. O-O h6
9. Ne2 Bd6 10. h3 Qe7 11. Bxd6 Qxd6 12. Nf4 O-O 13. b4 b5 14. Qd2 Ne7 15. Ne5
Be8 16. Qd1 Nf5 17. Bxf5 exf5 18. Qf3 Bc6 19. Nh5 a5 20. c3 axb4 21. cxb4 Bb7
22. Nxf6+ Kh8 23. Nfd7 Qe7 24. Qxf5 Bc8 25. Rac1 Bxd7 26. Nxd7 Rfe8 27. Rxc7
Rxa3 28. Rc5 Rd8 29. Rxd5 Ra7 30. Nc5 Ra2 31. Nd3 Rxd5 32. Qc8+ Rd8 33. Qc6 Rd2
34. Qxb5 Qe6 0-1

[Event "AUTO-INT-348"]
[Site "http://www.queenalice.com/game.php?id=169467"]
[Date "2007.2.16"]
[Round "1"]
[White "J_Ricardo"]
[Black "Mengo"]
[Result "0-1"]
[WhiteElo "1502"]
[BlackElo "1568"]

1. e4 e5 2. Nf3 Nc6 3. Bc4 h6 4. d3 Bc5 5. c3 Nf6 6. h3 O-O 7. Nbd2 d6 8. b4 Bb6
9. b5 Na5 10. O-O Nxc4 11. Nxc4 Nd7 12. Be3 Bxe3 13. Nxe3 Nc5 14. c4 a6 15. Rb1
axb5 16. Rb2 Ra3 17. Ne1 Qg5 18. Nf3 Qg6 19. d4 exd4 20. Nxd4 Nxe4 21. Qf3 bxc4
22. Nxc4 Rxf3 23. Nxf3 Bxh3 24. Ne3 f5 25. a4 f4 26. Nh4 Qg5 27. g3 Bxf1 28.
Nxf1 fxg3 29. fxg3 Nxg3 30. Nxg3 Qxg3+ 31. Ng2 Rf4 32. Rb1 Rf2 33. Rxb7 Qxg2#
0-1

[Event "AUTO-OPEN-277"]
[Site "http://www.queenalice.com/game.php?id=171864"]
[Date "2007.2.21"]
[Round "3"]
[White "McKnights"]
[Black "Mengo"]
[Result "1-0"]
[WhiteElo "1931"]
[BlackElo "1473"]

1. e4 e5 2. Nf3 Nc6 3. Nc3 Bb4 4. Bc4 h6 5. a3 Bxc3 6. dxc3 Nf6 7. Qe2 a6 8. Bd5
O-O 9. O-O Ne7 10. Bb3 d6 11. Rd1 Bg4 12. h3 Bh5 13. Qe3 Ng6 14. g4 Nxg4 15.
hxg4 Bxg4 16. Rd3 Bxf3 17. Qxf3 Qh4 18. Qg3 Qf6 19. Rf3 Qh4 20. Qxg6 Qg5+ 21.
Qxg5 1-0

[Event "AUTO-OPEN-277"]
[Site "http://www.queenalice.com/game.php?id=171865"]
[Date "2007.2.21"]
[Round "3"]
[White "Mengo"]
[Black "McKnights"]
[Result "0-1"]
[WhiteElo "1475"]
[BlackElo "1929"]

1. d4 d5 2. Bf4 Nf6 3. h3 Bf5 4. Nc3 e6 5. a3 Bd6 6. Bxd6 Qxd6 7. e3 Nbd7 8. Bb5
c6 9. Bd3 Bg6 10. Bxg6 hxg6 11. Nf3 O-O-O 12. O-O Rh6 13. Ng5 Qe7 14. Qf3 Rdh8
15. Ne2 Ne4 16. Nxf7 Rf8 17. Qg4 Qxf7 18. Nf4 Ndf6 19. Qe2 Rfh8 20. c4 g5 21.
Nd3 g4 0-1

[Event "AUTO-OPEN-277"]
[Site "http://www.queenalice.com/game.php?id=171868"]
[Date "2007.2.21"]
[Round "3"]
[White "Mengo"]
[Black "csadler"]
[Result "0-1"]
[WhiteElo "1510"]
[BlackElo "1798"]

1. d4 d5 2. Bf4 Nf6 3. h3 Bf5 4. Nc3 e6 5. a3 Bd6 6. Bxd6 Qxd6 7. e3 O-O 8. Nf3
Nbd7 9. Bd3 Bxd3 10. Qxd3 c5 11. O-O cxd4 12. Nxd4 Nc5 13. Qb5 a6 14. Qe2 Rac8
15. Qf3 Nce4 16. Nxe4 Nxe4 17. Rfd1 h6 18. c3 Ng5 19. Qg4 Ne4 20. Nf3 b5 21. Nd4
Nf6 0-1

[Event "AUTO-OPEN-277"]
[Site "http://www.queenalice.com/game.php?id=171869"]
[Date "2007.2.21"]
[Round "3"]
[White "csadler"]
[Black "Mengo"]
[Result "1-0"]
[WhiteElo "1802"]
[BlackElo "1506"]

1. d4 d5 2. c4 dxc4 3. Nf3 e5 4. Nxe5 b5 5. a4 c6 6. axb5 cxb5 7. Nc3 Bb4 8. Bd2
Bd7 9. Nxd7 Qxd7 10. e3 Nf6 11. Be2 O-O 12. O-O Bxc3 13. bxc3 Nc6 14. Qb1 a6 15.
Bf3 Ra7 16. e4 Qc7 17. e5 Nd7 18. Re1 Re8 19. Be3 Nb6 20. Qe4 Rc8 21. d5 Nxe5
22. Bxb6 1-0

[Event "AUTO-ADV-429"]
[Site "http://www.queenalice.com/game.php?id=178096"]
[Date "2007.3.7"]
[Round "1"]
[White "pepebacardi"]
[Black "Mengo"]
[Result "1-0"]
[WhiteElo "1906"]
[BlackElo "1512"]

1. e4 e5 2. Nf3 Bc5 3. Nxe5 d6 4. Nf3 Nf6 5. Nc3 Ng4 6. d4 Bb4 7. h3 Bxc3+ 8.
bxc3 Nf6 9. Bg5 Nbd7 10. a4 Qe7 11. Bd3 h6 12. Bh4 O-O 13. O-O Qe8 14. Re1 b6
15. e5 dxe5 16. Nxe5 Nxe5 17. Rxe5 1-0

[Event "AUTO-ADV-429"]
[Site "http://www.queenalice.com/game.php?id=178097"]
[Date "2007.3.7"]
[Round "1"]
[White "Mengo"]
[Black "pepebacardi"]
[Result "0-1"]
[WhiteElo "1514"]
[BlackElo "1904"]

1. d4 Nf6 2. d5 Na6 3. e3 e6 4. dxe6 dxe6 5. Qxd8+ Kxd8 6. Bxa6 bxa6 7. Bd2 Bd6
8. Nf3 Bb7 9. Nd4 Ke7 10. O-O Ne4 11. Bc3 Rab8 12. Nd2 Nxc3 13. bxc3 h5 14. Rfd1
g5 15. f3 g4 0-1

[Event "AUTO-ADV-429"]
[Site "http://www.queenalice.com/game.php?id=178112"]
[Date "2007.3.7"]
[Round "1"]
[White "Mengo"]
[Black "marcosweck"]
[Result "0-1"]
[WhiteElo "1637"]
[BlackElo "1667"]

1. d4 d5 2. Bf4 e6 3. a3 Bd6 4. Bxd6 Qxd6 5. e3 Nf6 6. Bd3 O-O 7. h3 a6 8. Nf3
b5 9. b4 h6 10. O-O Nc6 0-1

[Event "AUTO-ADV-429"]
[Site "http://www.queenalice.com/game.php?id=178114"]
[Date "2007.3.7"]
[Round "1"]
[White "Mengo"]
[Black "emiliano"]
[Result "0-1"]
[WhiteElo "1571"]
[BlackElo "1748"]

1. d4 d5 2. Bf4 Nf6 3. h3 e6 4. a3 Nc6 5. Nc3 Bd6 6. Bxd6 Qxd6 7. e3 a6 8. Nf3
O-O 9. Bd3 e5 10. dxe5 Nxe5 11. Nxe5 Qxe5 12. O-O c5 13. b3 Qxc3 14. a4 Re8 0-1

[Event "AUTO-ADV-429"]
[Site "http://www.queenalice.com/game.php?id=178115"]
[Date "2007.3.7"]
[Round "1"]
[White "emiliano"]
[Black "Mengo"]
[Result "1-0"]
[WhiteElo "1738"]
[BlackElo "1581"]

1. e4 e5 2. Nf3 Nc6 3. Bb5 Nge7 4. Nc3 a6 5. Ba4 d6 6. Nd5 b5 7. Bb3 Be6 8. d3
Na5 9. Ne3 Nxb3 10. axb3 Ng6 11. c4 bxc4 12. bxc4 Be7 13. Bd2 O-O 14. b4 1-0

[Event "AUTO-INT-372"]
[Site "http://www.queenalice.com/game.php?id=178495"]
[Date "2007.3.8"]
[Round "1"]
[White "mvmendes"]
[Black "Mengo"]
[Result "1-0"]
[WhiteElo "1686"]
[BlackElo "1463"]

1. d4 d5 2. e3 Nf6 3. Qd3 e6 4. Nf3 Bd6 5. Be2 b6 6. c4 O-O 7. O-O Ba6 8. b3 Nc6
9. Nc3 Bb4 10. Bb2 Bxc4 11. bxc4 dxc4 12. Qxc4 Qd7 13. Rac1 Bd6 14. Nb5 1-0

[Event "AUTO-INT-372"]
[Site "http://www.queenalice.com/game.php?id=178496"]
[Date "2007.3.8"]
[Round "1"]
[White "Mengo"]
[Black "mvmendes"]
[Result "0-1"]
[WhiteElo "1471"]
[BlackElo "1678"]

1. d4 h6 2. Bf4 g5 3. Bg3 Bg7 4. Nc3 d6 5. e4 Nf6 6. d5 Bg4 7. f3 Bd7 8. Bb5
Bxb5 9. Nxb5 c6 10. Nd4 Qa5+ 11. c3 cxd5 12. exd5 Nxd5 13. Nge2 Ne3 0-1

[Event "AUTO-INT-372"]
[Site "http://www.queenalice.com/game.php?id=178507"]
[Date "2007.3.8"]
[Round "1"]
[White "Fidel_Vive"]
[Black "Mengo"]
[Result "1-0"]
[WhiteElo "1224"]
[BlackElo "1423"]

1. e4 e5 2. Nf3 Nc6 3. Bc4 h6 4. O-O Bc5 5. d3 Nf6 6. a3 O-O 7. b4 Bb6 8. b5 Na5
9. Nbd2 d6 10. c3 Bg4 11. Nb3 Nxc4 12. dxc4 1-0

[Event "AUTO-INT-372"]
[Site "http://www.queenalice.com/game.php?id=178508"]
[Date "2007.3.8"]
[Round "1"]
[White "Mengo"]
[Black "Fidel_Vive"]
[Result "0-1"]
[WhiteElo "1399"]
[BlackElo "1248"]

1. d4 Nc6 2. Nf3 e6 3. Bf4 Nh6 4. Bxh6 gxh6 5. e3 d5 6. Bb5 Bd7 7. O-O Nb4 8.
Bxd7+ Qxd7 9. c3 O-O-O 10. cxb4 e5 11. Nxe5 Qf5 12. Nc3 Bxb4 0-1

[Event "AUTO-INT-372"]
[Site "http://www.queenalice.com/game.php?id=178513"]
[Date "2007.3.8"]
[Round "1"]
[White "MarcosSP41"]
[Black "Mengo"]
[Result "1-0"]
[WhiteElo "1569"]
[BlackElo "1502"]

1. e4 e5 2. Qf3 Nf6 3. Nh3 h6 4. g4 d6 5. Bb5+ Bd7 6. Qf5 Be7 7. Bxd7+ Nfxd7 8.
g5 Bxg5 9. f4 exf4 10. b3 Bf6 11. Nc3 O-O 12. Nxf4 Ne5 13. Rg1 g6 14. Qh3 1-0

[Event "AUTO-INT-372"]
[Site "http://www.queenalice.com/game.php?id=178514"]
[Date "2007.3.8"]
[Round "1"]
[White "Mengo"]
[Black "MarcosSP41"]
[Result "0-1"]
[WhiteElo "1489"]
[BlackElo "1582"]

1. d4 e6 2. Bf4 Na6 3. a3 Qf6 4. e3 h5 5. Bxa6 bxa6 6. Nf3 h4 7. Bg5 Qf5 8. Bxh4
Qb5 9. b4 Nh6 10. Ne5 Bb7 11. Nc3 Bxb4 12. axb4 Qxb4 13. Qd2 Bxg2 0-1